| 000 | 00755nam a2200241Ia 4500 | ||
|---|---|---|---|
| 003 | OSt | ||
| 005 | 20221005111931.0 | ||
| 006 | a|||||r|||| 00| 0 | ||
| 007 | ta | ||
| 008 | 221004b |||||||| |||| 00| 0 hin d | ||
| 024 | _a31008 | ||
| 037 | _cTextual | ||
| 040 |
_aCRL _cCRL _bhin |
||
| 041 |
_2hin _ahin |
||
| 082 | _aR635x1, 152M8 | ||
| 100 | _aपतंजलि | ||
| 245 | 0 | _aपातंजलयोगदार्शनम् | |
| 246 | _aPātanjalayogadārshanam | ||
| 260 |
_aवाराणसी _bचौखम्बा सुरभारती प्रकाशन भारत _c1988 |
||
| 300 |
_a600पृ. _ccm. |
||
| 942 |
_hR635x1, 152M8 _cTEXL _2cc |
||
| 999 |
_c1023346 _d1023346 |
||